000
00243nam a2200097Ia 4500
001
734563
005
20250826163836.0
008
250824s9999 xx 000 0 und d
245
0
_a
İNGİLİZCE SÖZCÜK
_c
EROL YILDIZ
260
_b
KARATAY YAYINLARI
999
_c
734563
_d
734563